WW2 Trivia - Statistics

General Stats
  • This quiz has been taken 459 times
  • The average score is 7 of 15
Answer Stats
Hint Answer % Correct
Nazi Capital Berlin
97%
Polish Capital Warsaw
87%
Italian Leader Mussolini
83%
Where was the World's First Atomic Bomb Dropped Hiroshima
76%
British Prime Minister After Chamberlin Winston Churchill
74%
Japanese Leader Hirohito
72%
First Japanese Attack on America Pearl Harbor
65%
Deadliest Battle in Europe Stalingrad
45%
Who was "The Desert Fox" Erwin Rommel
40%
Deadliest Battle in Pacific Okinawa
25%
What British Field Marshall Turned the Tide in the North African Theater Bernard Montgomery
15%
What ship did the Japanese surrender on USS Missouri
12%
Who was the Nazi Dictator after Hitler Karl Doenitz
3%
What was D-Day Allied Invasion of Normandy
2%
What was Operation Barbarossa Germany's Invasion of The Soviet Union
0%
No matching quizzes found
Score Distribution
Percent of People with Each Score
Percentile by Number Answered
Your Score History
You have not taken this quiz